000 00701nam a2200193 4500
005 20250320151434.0
010 _aENG-144142
020 _a9789389658040
_c300.00
035 _aEN-127674
037 _bDBAD
082 _a015.3
245 _aRecent and Changes Trends in Management, Economics, Commerce, Social Science and Humanities/
_cEdited by Sundari Suresh [and] C.Vijai
260 _aTamil Nadu
_bShanlax Publications
_c2019
270 _a61,66 T.P.K. Main Road Vasantha Nagar.
_bTamil Nadu
_e625003
_mshanlaxpublications.com
300 _a161p.
_c24cm(pb)
700 _aSundari Suresh
_eEditor
_979784
700 _aVijai, C.
_eEditor
_979785
942 _2ddc
_cEN
_h015.3
_mREC
999 _c210399
_d210399